Presidents on Dollar Bills - Statistics

General Stats
  • This quiz has been taken 89 times
    44 since last reset
  • The average score is 8 of 12
Answer Stats
Picture Answer % Correct
Abraham Lincoln
100%
George Washington
100%
Andrew Jackson
88%
Thomas Jefferson
78%
Ulysses S. Grant
78%
James Madison
63%
John Quincy Adams
60%
Woodrow Wilson
60%
Grover Cleveland
50%
Benjamin Harrison
45%
James A. Garfield
38%
William McKinley
30%
No matching quizzes found
Score Distribution
Percent of People with Each Score
Percentile by Number Answered
Your Score History
You have not taken this quiz since the last reset